00692nam a2200241 a 4500001001300000003000900013005001700022008004100039020002300080082001800103100002200121245002700143260003200170300001000202500003500212505001000247650002000257700002200277902000800299942000700307952011900314999001700433nice12345678IN_TiNIC20260116014716.0130220s2012 dela grp 000 0 eng  a9780670083862c69900a320.0954bGUH aGuha, Ramachandra aPatriots and Partisans aDelhibPenguin Books c2012 a334p  aincludes index and biblioraphy2 aIndex aDemocracy-India1 aGuha, Ramachandra bSRS cBK 001040708StackRoom-aHMIbHMId2013-02-20g699.00l0o320.0954 GUHp024026r2013-02-20v699.00w2013-02-20yBK c16575d16575